000 00611nam a2200253Ia 4500
005 20260306164442.0
008 008 260114s9999 xx 000 0 eng d
020 _a9780191818387
037 _aEBOOK
040 _aCRL
040 _beng
040 _cCRL
041 _2eng
041 _aeng
084 _qCRL
245 4 _aThe Oxford Handbook Of Intellectual Property Law
260 _bOxford University Press
260 _c2018
650 _aLaw & Criminology
856 _uhttps://academic.oup.com/edited-volume/27971
942 _cEBOOK
999 _c1714125
_d1714125